00316nam a2200121 a 450000500170000000800410001702000180005805000230007610000180009924500330011726000350015030000090018520140412111419.0070906s19uu xx 00 eng d a0-602-30054-1 aTR(PS EbJe34 2001 aPalmer, Holly aJenny in bed /cHoly Palmer. aUK :bGinn and Company,c2001. a12p.